|
|
|
|
| LEADER |
00000nkm a2200000 a 4500 |
| 001 |
vtls001468653 |
| 003 |
SK-MaSNL |
| 005 |
20260302040414.0 |
| 008 |
200701s2003 xo g 0| eng |
| 015 |
|
|
|a SNBG2004/01-00418
|
| 035 |
|
|
|a SNK000423958
|
| 040 |
|
|
|a SNK
|b slo
|c SNK
|e AACR2
|
| 041 |
0 |
|
|a eng
|
| 043 |
|
|
|a e-sp---
|
| 044 |
|
|
|a xo
|c SK
|
| 072 |
|
7 |
|a 75
|2 konspekt
|
| 080 |
|
|
|a (0.035)75
|2 1981
|
| 080 |
|
|
|a (059)
|2 1981
|
| 080 |
|
|
|a 75(100)(059)"2004"=111
|2 2. slo
|
| 245 |
1 |
|
|a Prado Madrid 2004
|h grafika
|c text and cataloguind by: Jordi Falgás ; designed by: Silvia Kováčiková
|
| 260 |
|
|
|a [Banská Bystrica]
|b Spektrum Grafik
|c [2003]
|
| 300 |
|
|
|a 1 kalendár [14] listov
|b fotogr., reprod.
|c 47x60 cm
|
| 610 |
0 |
7 |
|a Prado (Madrid, Španielsko)
|2 SNK
|9 93759
|
| 611 |
1 |
7 |
|a Prado (Madrid, Španielsko)
|2 SNK
|9 690667
|
| 650 |
0 |
7 |
|a maliarstvo
|z Madrid (Španielsko)
|2 SNK
|9 690668
|
| 650 |
0 |
7 |
|a európske maliarstvo
|y stor. 13. -19.
|2 SNK
|9 690669
|
| 650 |
0 |
7 |
|a umenie výtvarné svetové
|y 2004
|x kalendáre nástenné
|2 SNK
|9 690670
|
| 650 |
0 |
7 |
|a maliarstvo
|2 konspekt
|9 812
|
| 655 |
|
7 |
|a nástenné kalendáre
|2 SNK
|9 70664
|
| 655 |
|
7 |
|a nástenné kalendáre
|2 SNK
|9 70664
|
| 655 |
|
7 |
|a reprodukcie umeleckých diel
|2 SNK
|9 70730
|
| 700 |
1 |
|
|a Falgás, Jordi
|4 aut
|9 529826
|
| 700 |
1 |
|
|a Kováčiková, Silvia
|4 gup
|9 44960
|
| 958 |
|
|
|a GBN
|
| 999 |
|
|
|c 1074513
|d 1076443
|
| 952 |
|
|
|t P60, <03>, [BOOK], {603}
|a SNK
|b SNK
|y PREZ
|7 0
|p 17A0414696
|o snkOSA 710
|i snkKSP 2663/2004
|0 0
|1 0
|4 0
|d 2004-02-17
|l 0
|r 2005-01-02 00:00:00
|w 2026-02-24
|
| 952 |
|
|
|t P60, <04>, [BOOK], {604}
|a SNK
|b SNK
|y VYP
|7 0
|p 17A0414697
|o snkOSA 710 D1
|i snkKSP 2664/2004
|0 0
|1 0
|4 0
|d 2004-02-17
|l 0
|r 2005-01-02 00:00:00
|w 2026-02-24
|